| 000 | 00829nam a2200289 a 4500 | ||
|---|---|---|---|
| 999 |
_c5481 _d5481 |
||
| 001 | 5481 | ||
| 003 | BD-JhCC | ||
| 005 | 20190904134018.0 | ||
| 008 | 810623s1982 nyua 001 0 eng d | ||
| 020 |
_a0442282710 (pbk.) : _c$6.95 |
||
| 035 | _a(BD-JhCC)5481 | ||
| 040 |
_aBD-JhCC _cDLC _dBD-JhCC |
||
| 041 | _aeng | ||
| 050 | 0 | 0 |
_aQA533 _b.T5 1982 |
| 082 | 0 | 0 |
_a516.2/4 _219 _bTHO 1982 |
| 100 | 1 |
_aThompson, James Edgar, _d1892- |
|
| 245 | 1 | 0 |
_aTrigonometry for the practical worker / _cJ.E. Thompson. |
| 250 | _a4th ed. | ||
| 260 |
_aNew York : _bVan Nostrand Reinhold Co., _cc1982. |
||
| 300 |
_axv, 199 p. : _bill. ; _c21 cm. |
||
| 440 | 0 | _aMathematics library for practical workers | |
| 500 | _aIncludes index. | ||
| 650 | 0 | _aTrigonometry. | |
| 700 | 1 |
_aPeters, Max, _d1906- |
|
| 942 |
_2ddc _cBK _02 |
||